Представление документа в формате RUSMARC

ПолеНазваниеЗначение
  Тип записи a
  Библиографический уровень m
001 Контрольный номер RU/УОНБ/EK/555509400
005 Дата корректировки 20250520123121.7
010 Индекс ISBN __
d Цена 11 к.
9 Тираж 42610 экз.
100 Данные общей обработки __
a Данные общей обработки 20170808d1982 u y0rusy0189||||ca
101 Язык документа 0_
a Язык текста rus
102 Страна публикации __
a Страна публикации RU
105 Кодированные данные (монография) __
a Кодированные данные (монография) y z 001yy
200 Заглавие и сведения об ответственности 1_
a Заглавие Повышение эффективности использования сельскохозяйственной техники
f Первые сведения об ответственности Б.В. Павлов
210 Выходные данные 1_
a Место издания Москва
c Издательство Знание
d Дата издания 1982
215 Физическое описание __
a Объем 64 с.
d Формат 20 см
225 Серия 1_
a Серия Новое в жизни, науке, технике
225 Серия 1_
a Серия серия "Сельское хозяйство"
v Обозначение тома 5
320 Библиография __
a Библиография Библиогр.: с. 63
606 Тематические рубрики 0_
a Основная рубрика Сельскохозяйственные машины и орудия
x Основная подрубрика Использование
610 Ключевые слова 0_
a Ключевые слова сельскохозяйственные машины и орудия - использование
686 Индексы других классификаций __
a Классификационный индекс 40.72-082
2 Код системы rubbk
700 Автор _1
a Фамилия Павлов
b Имя (инициалы) Б.В.
g Полное личное имя Борис Васильевич
801 Источник записи _0
a Страна RU
b Организация Ульяновская ОНБ
c Дата составления 20170808
g Правила каталогизации RCR
801 Источник записи _1
a Страна RU
b Организация Ульяновская ОНБ
c Дата составления 20170808
g Правила каталогизации RCR
901 Тип документа __
t Тип документа m
909 Создатель записи __
a Создатель записи Мендеева
938 Служебная информация __
a Имя БД retro
b Имя библиотеки УОНБ
c Имя АИБС МАРК-SQL
d Номер DOC_ID в БД 223983